New method English-Oriya dictionary, (Record no. 73881)

MARC details
000 -LEADER
fixed length control field 00780cam a22002411 4500
001 - CONTROL NUMBER
control field sa 67003501
003 - CONTROL NUMBER IDENTIFIER
control field DLC
005 - DATE AND TIME OF LATEST TRANSACTION
control field 20260227112338.0
008 - FIXED-LENGTH DATA ELEMENTS--GENERAL INFORMATION
fixed length control field 760629s1964 ii d 000 0 eng
010 ## - LIBRARY OF CONGRESS CONTROL NUMBER
LC control number sa 67003501
035 ## - SYSTEM CONTROL NUMBER
System control number (OCoLC)13885618
040 ## - CATALOGING SOURCE
Original cataloging agency DLC
Transcribing agency NN
Modifying agency OCoLC
-- DLC
041 0# - LANGUAGE CODE
Language code of text/sound track or separate title engori
042 ## - AUTHENTICATION CODE
Authentication code premarc
050 00 - LIBRARY OF CONGRESS CALL NUMBER
Classification number PK2566
Item number .K3 1964
100 1# - MAIN ENTRY--PERSONAL NAME
Personal name Kar, Krushna Chandra.
245 10 - TITLE STATEMENT
Title New method English-Oriya dictionary,
Remainder of title containing about 28,000 word-meanings and a supplement of technical terms.
Statement of responsibility, etc. Compiled by K. C. Kar. Rev. by A professor of English.
250 ## - EDITION STATEMENT
Edition statement [Enl. 2d ed.
260 ## - PUBLICATION, DISTRIBUTION, ETC.
Place of publication, distribution, etc. Cuttack,
Name of publisher, distributor, etc. A. Mahapatra,
Date of publication, distribution, etc. 1964]
300 ## - PHYSICAL DESCRIPTION
Extent 807 p.
Dimensions 17 cm.
650 #0 - SUBJECT ADDED ENTRY--TOPICAL TERM
Topical term or geographic name entry element English language
General subdivision Dictionaries
-- Oriya.
700 0# - ADDED ENTRY--PERSONAL NAME
Personal name A professor of English.

No items available.

Powered by Koha